| 000 | 00351nam a2200121Ia 4500 | ||
|---|---|---|---|
| 008 | 230907s9999||||xx |||||||||||||| ||und|| | ||
| 082 |
_a361.0068 _bJEN |
||
| 100 |
_aJenkins, Kate. _9115908 |
||
| 245 | 0 | _aPoliticians and public services : | |
| 260 |
_aEdward Elgar, _bCheltenham, UK ; | Northampton, MA : _c2008 |
||
| 300 | _avi, 273 p. ; | ||
| 942 | _cBK | ||
| 999 |
_c600120 _d600120 |
||